000 01138cab a2200241 4500
001 ABS55381
008 090401t1996 xxu||||| |||| 00| 0 eng d
035 _a(Sirsi) u16077
041 _aeng
245 _aRomain and another v Scuba TV Ltd and others
260 _c1996
350 _a0
490 _aEstates Gazette
_v(1996) 23 EG 126-128(3)
520 _aCA 10 November 1995. R claimed rent arrears from S. The third defendant (X), who acted as guarantor for S, applied to dismiss R`s claim for want of prosecution. The application failed on the grounds that the limitation period of 12 years had not expired. X appealed, contending that the Limitation Act 1980 s19 applied and a claim against a guarantor for rent arrears against a guarantor must be brought within a six year period. "Held" the Limitation ACT 1980 s19 applied. Appeal allowed.
650 _aGUARANTOR
650 _aLIMITATION ACT 1980 S19
650 _aLIMITATION PERIOD
650 _aRENT ARREARS
650 _aROMAIN AND ANOTHER V SCUBA TV AND OTHERS
690 _aLANDLORD AND TENANT-CASE LAW-BUSINESS TENANCIES
942 _n0
948 _c04/03/1997
999 _c10572
_d10572